| 000 | 00526nam a22001817a 4500 | ||
|---|---|---|---|
| 999 |
_c10298 _d10298 |
||
| 003 | AR-CdUCM | ||
| 008 | 190329b ||||| |||| 00| 0 spa d | ||
| 040 |
_aMUNICIPALIDAD PROVINCIAL DEL CUSCO _cBIBLIOTECA MUNICIPAL DEL CUSCO |
||
| 082 |
_aES / 800 / _bV52C |
||
| 100 |
_aVerne, Julio _910153 |
||
| 245 | _aLa casa de vapor / | ||
| 260 |
_aBarcelena : _bMolino, _c1957. |
||
| 300 |
_a229 páginas ; _c20 cm. |
||
| 440 |
_aColección molino _926817 |
||
| 650 |
_aObras literarias _9403 |
||
| 942 |
_2ddc _cLIBROS |
||
| 945 | _awfj | ||